00595nam a2200169Ia 4500008004000000020001800040082002100058100001900079245009500098260005000193300000800243650001700251690001000268906001100278999001700289952011900306210210b1994 xxu||||| |||| 00| 0 eng d a81 7022 507 8 a382.0954799 PINT aPINTO (Clesa). aTrade and finance in portuguese India: a study of the portuguese country trade 17770-1840. aNew Delhi.bConcept Publishing Company.c1994 a315 aPortuguese  aTrade a050111 c98514d98514 00102ddc40708COMaALbALd2021-02-17g450.00l0o382.0954799 PINTp050111r2021-02-17 00:00:00w2021-02-17yBK